[Event "COL-ch Visually limited 3rd"]
[Site "Colombia"]
[Date "2012.11.26"]
[Round "3.16"]
[White "Forestiery, Jhonatan"]
[Black "Blandon, Raul"]
[Result "0-1"]
[WhiteElo "1601"]
[BlackElo "1536"]
[PlyCount "90"]
[EventDate "2012.11.25"]
[EventType "swiss"]
[EventRounds "7"]
[EventCountry "COL"]
[SourceTitle "EXT 2024"]
[Source "ChessBase"]
[SourceDate "2023.10.10"]
[SourceVersion "1"]
[SourceVersionDate "2023.10.10"]
[SourceQuality "1"]

1. e4 e5 2. Nf3 Nc6 3. c3 Nf6 4. d3 h6 5. Be2 Bc5 6. 0-0 0-0 7. Nbd2 d6 8. Nb3 Bb6 9. Nbd2 Be6 10. b4 a6 11. Ba3 Re8 12. Nb3 Qd7 13. Qb1 Ng4 14. d4 Qe7 15. h3 Nf6 16. b5 axb5 17. dxe5 Rxa3 18. exf6 Qxf6 19. Rc1 Qg6 20. e5 Qxb1 21. Rcxb1 dxe5 22. Bxb5 Rea8 23. c4 Rxa2 24. Rxa2 Rxa2 25. Rf1 e4 26. Nc1 Rb2 27. Bxc6 bxc6 28. Kh2 Bxc4 29. Ne5 Bxf1 30. Nxc6 Kf8 31. Ne5 Rxf2 32. Kg3 Bxg2 33. Ng4 Rc2 34. Nb3 Bf1 35. Ne5 Rg2+ 36. Kf4 e3 37. Nc1 Rf2+ 38. Kg3 Rc2 39. Nb3 e2 40. Nf3 Rc3 41. Na1 e1Q+ 42. Kf4 Qe3+ 43. Kf5 g6+ 44. Kg4 Qxf3+ 45. Kh4 Qg3# 0-1